00278nam a2200109Ia 4500008004100000082001500041100001500056245005200071260002900123300000800152650000800160191201s2008 xx 000 0 und d a658.3bKAC aKAUSHAL, H 0aCase Study Solutions Human Resource Development aN.DelhibMacmillanc2008 a271 aMBA